000 00853nam a22002057a 4500
999 _c1869
_d1869
003 AR-CdUCM
008 190228b ||||| |||| 00| 0 spa d
040 _aMUNICIPALIDAD PROVINCIAL DEL CUSCO
_cBIBLIOTECA MUNICIPAL DEL CUSCO
082 _a335.4 /
_bE61
100 _aEngels, Federíco
_96845
245 _aAnti-Dühring :
_bIntroducción a todas las ciencias y a todas las doctrinas marxistas /
260 _aMéxico, D.F :
_bEd. Grijaldo,
_c1981.
300 _a415 paginas ;
_c21 cm.
505 _aEl racionalismo -- División y apriorismo -- Filosofía de la naturaleza, el tiempo y el espacio -- Filosofía de la naturaleza -- Moral y derecho -- Teoría de la violencia ...
650 _aMaterialismo dialéctico
_96846
650 _aAntropología general
_96847
650 _aFilosofía
_9395
942 _2ddc
_cLIBROS
945 _arum
_d2029-02-28